000 00583naa a2200217 i 4500
001 11520
003 ES-MaBCM
005 20241016091553.0
008 901011s1990 esp 000 0 spa d
021 _axx
035 _a(OCoLC)1365140696
040 _cES-MaBCM
041 0 _aspa
043 _aesp
100 1 _aHoffman, Stanley
_922348
245 1 3 _aUn plan para la Europa nueva
_cStanley Hoffman
650 2 7 _aCambio de régimen político
_957801
651 2 4 _aEuropa
_9115402
773 0 _aEn:
_tLeviatán
_dMadrid : 1990
_gnº 40, verano ; p. 33-43
_w104459
942 _cAREV
999 _c11520
_d11520